000 00602nam a2200193 a 4500
001 2538369
005 20240315062253.0
008 940303s1993 ce 000 0 eng
040 _aDLC
_cDLC
082 _222
_a323.4.
_bLAN.
245 0 0 _aLand, human rights & the eastern predicament.
_cUniversity of Jaffna .
260 _aJaffna, Sri Lanka :
_bUTHR (Jaffna), University of Jaffna, Thirunelvely,
_c1993.
300 _aiii, 106 p. ;
490 1 _aReport / University Teachers for Human Rights (Jaffna) ;
650 0 _aLand reform
650 0 _aLand use, Rural
650 0 _aHuman rights
942 _cL
999 _c574
_d574